000 01380nam a2200361 4500
001 0000017963
003 CO-CtgCURN
005 20250429231221.0
007 ta
008 160627s2006 000 0 eng d
020 _a9789682476648
040 _aCO-CtgCURN
_bspa
_ccoctgcurn
082 0 _a372.83
_bB772
100 1 _aBriones, Guillermo.
245 1 0 _aTeorías de las ciencias sociales y de la educación :
_bepistemología /
_cGuillermo Briones.
260 _aMexico :
_bTrillas,
_c2006.
300 _a198 p.
336 _2rdacontent
337 _2rdamedia
_asin mediacion
_bn
338 _2rdacarrier
_avolumen
_bnc
500 _aIncluye indices.
505 8 _aBases filosóficas de las ciencias sociales -- Construcción y fundamentación epistemológica de las ciencias sociales -- Paradigmas y programas de Investigación -- Nuevas teorías de las ciencias sociales -- Teorías de la educación
650 1 4 _aFilosofía de las ciencias sociales.
650 1 4 _aSociología de la educación.
650 1 4 _aTeoría del aprendizaje.
650 1 4 _aRacionalismo.
650 1 4 _aTeoría del conocimiento.
700 1 _aChamizo Guerrero, José Antonio.
908 _a160627
942 _cBK
_h372.83
_iB772
_2ddc
999 _c35262
_d35262